000 00955nam a22002291i 4500
001 1691901
003 EG-ScBUE
005 20241023084307.0
008 841003s1948 ilua f 000 0 eng d
040 _aDLC/ICU
_beng
_erda
_cICU
_dDLC
_dEG-ScBUE
082 0 4 _a516.6
_222
_bRUS
100 1 _aRusinoff, S. E.
_q(Samuel Eugene),
_d1894-
_eauthor.
_96806
245 1 0 _aPractical descriptive geometry /
_cby S. E. Rusinoff, M.E., associate orofessor of mechanical engineering, Illinois Institute of Technology, consulting mechanical engineers, member, American Society of Mechanical Engineers, member, Socirty of Automotive Engineers.
264 1 _aChicago :
_bAmerican Technical Society,
_c1948.
300 _aix, 259 pages :
_billustrations ;
_c22 cm
336 _2rdacontent
_atext
_btxt
337 _aunmediated
_2rdamedia
_bn
338 _avolume
_bnc
_2rdacarrier
650 7 _aGeometry, Descriptive.
_2BUEsh
_96807
655 _vReading book
942 _2ddc
_cBB
999 _c11999
_d11999